[Event "CRO-chT U18 Girls"]
[Site "Cakovec"]
[Date "2019.12.27"]
[Round "2.4"]
[White "Trgovac, Marta"]
[Black "Savic, Neva"]
[Result "1-0"]
[WhiteElo "1279"]
[BlackElo "1649"]
[PlyCount "41"]
[EventDate "2019.12.27"]
[EventType "team-tourn"]
[EventRounds "5"]
[EventCountry "CRO"]
[SourceTitle "CBM 194 Extra"]
[Source "ChessBase"]
[SourceDate "2020.03.31"]
[SourceVersion "1"]
[SourceVersionDate "2020.03.31"]
[SourceQuality "1"]

1. Nf3 e6 2. g3 Nf6 3. Bg2 Bc5 4. 0-0 d5 5. d4 Bd6 6. Nbd2 Nc6 7. Re1 0-0 8. c4 dxc4 9. Nxc4 b6 10. Nfe5 Nxe5 11. dxe5 Rb8 12. exd6 cxd6 13. Qxd6 Qxd6 14. Nxd6 Bd7 15. b3 Rfd8 16. Bf4 Bc8 17. Nb5 Ba6 18. Bc6 Rbc8 19. Nxa7 Rxc6 20. Nxc6 Rc8 21. Ne7+ 1-0

[Event "CRO-ch U13 Girls"]
[Site "Trogir"]
[Date "2019.06.19"]
[Round "4"]
[White "Trgovac, Marta"]
[Black "Mihaljevic, Eva"]
[Result "1-0"]
[WhiteElo "1222"]
[BlackElo "1241"]
[PlyCount "67"]
[EventDate "2019.06.17"]
[EventType "swiss"]
[EventRounds "9"]
[EventCountry "CRO"]
[SourceTitle "EXT 2020"]
[Source "ChessBase"]
[SourceDate "2019.10.17"]
[SourceVersion "1"]
[SourceVersionDate "2019.10.17"]
[SourceQuality "1"]

1. Nf3 Nf6 2. g3 g6 3. Bg2 Bg7 4. 0-0 0-0 5. c4 c5 6. d3 Nc6 7. a3 d5 8. Nbd2 Qc7 9. Qc2 b6 10. Rb1 a5 11. b3 Bb7 12. Bb2 e6 13. cxd5 exd5 14. Rfc1 Nd7 15. Bxg7 Kxg7 16. d4 Qd6 17. dxc5 bxc5 18. Rd1 f5 19. Nc4 Qe7 20. Qb2+ Kg8 21. Ne3 d4 22. Nc4 Ba6 23. Nfd2 Rac8 24. e3 dxe3 25. Bd5+ Rf7 26. Bxf7+ Kxf7 27. Nxe3 Nd4 28. Ndc4 Nf3+ 29. Kg2 Nf6 30. Nd6+ Kf8 31. Nxc8 Bxc8 32. Nd5 Nh4+ 33. gxh4 Qe4+ 34. f3 1-0

[Event "EU-ch U12 Girls 28th"]
[Site "Riga"]
[Date "2018.08.21"]
[Round "2"]
[White "Trgovac, Marta"]
[Black "Adlen, Noya"]
[Result "0-1"]
[WhiteElo "1374"]
[BlackElo "1153"]
[PlyCount "78"]
[EventDate "2018.08.20"]
[EventType "swiss"]
[EventRounds "9"]
[EventCountry "LAT"]
[SourceTitle "CBM 186 Extra"]
[Source "ChessBase"]
[SourceDate "2018.08.24"]
[SourceVersion "1"]
[SourceVersionDate "2018.08.24"]
[SourceQuality "1"]

1. c4 e5 2. Nf3 Nc6 3. e3 e4 4. Nd4 Nxd4 5. exd4 b6 6. Nc3 Nf6 7. Qe2 Qe7 8. g3 Bb7 9. Bg2 0-0-0 10. 0-0 g6 11. a3 Bg7 12. d3 Rhe8 13. Re1 d5 14. dxe4 dxe4 15. d5 Ba6 16. Bxe4 Nxe4 17. Nxe4 f5 18. Bg5 Qxe4 19. Qxe4 Rxe4 20. Bxd8 Kxd8 21. Rxe4 fxe4 22. c5 bxc5 23. Rc1 Bd4 24. Re1 Bd3 25. b3 Kd7 26. Kg2 Kd6 27. Kh3 Bxf2 28. Rd1 Kxd5 29. Rd2 Be3 30. Rd1 h5 31. Kh4 Ke5 32. g4 hxg4 33. Ra1 Be2 34. Kg3 Bf3 35. Ra2 g5 36. Rb2 Bf4+ 37. Kf2 Bxh2 38. Ke3 Bf4+ 39. Kf2 e3+ 0-1

[Event "CRO-ch U13 Girls"]
[Site "Trogir"]
[Date "2018.06.19"]
[Round "7"]
[White "Vidovic, Petra"]
[Black "Trgovac, Marta"]
[Result "0-1"]
[WhiteElo "1444"]
[BlackElo "1395"]
[PlyCount "72"]
[EventDate "2018.06.16"]
[EventType "swiss"]
[EventRounds "9"]
[EventCountry "CRO"]
[SourceTitle "EXT 2019"]
[Source "ChessBase"]
[SourceDate "2018.10.10"]
[SourceVersion "1"]
[SourceVersionDate "2018.10.10"]
[SourceQuality "1"]

1. e4 c5 2. Nf3 d6 3. d4 cxd4 4. Nxd4 Nf6 5. Nc3 a6 6. f3 e6 7. Be3 Be7 8. Qd2 0-0 9. 0-0-0 b5 10. g4 Qc7 11. g5 Nfd7 12. h4 b4 13. Nce2 a5 14. Kb1 Ne5 15. f4 Nc4 16. Qd3 Nxe3 17. Qxe3 Bb7 18. Rg1 Nd7 19. f5 Qc5 20. Qd2 Ne5 21. f6 Nc4 22. Qd3 Bd8 23. fxg7 Re8 24. Ng3 Ba6 25. Qf3 Ne5 26. Qh5 Bb7 27. Bh3 Ng6 28. Qh6 Rc8 29. Rd2 Rc7 30. h5 Bxg5 31. Qxg5 Qxg5 32. Rdg2 Nf4 33. Rh2 Nxh3 34. Rxh3 Bxe4 35. h6 Qe3 36. Rd1 e5 0-1

[Event "EU-ch U12 Girls 27th"]
[Site "Mamaia"]
[Date "2017.09.08"]
[Round "4"]
[White "Ruseva, Eva"]
[Black "Trgovac, Marta"]
[Result "1-0"]
[WhiteElo "1231"]
[BlackElo "1377"]
[PlyCount "134"]
[EventDate "2017.09.05"]
[EventType "swiss"]
[EventRounds "9"]
[EventCountry "ROU"]
[SourceTitle "CBM 180 Extra"]
[Source "ChessBase"]
[SourceDate "2017.10.06"]
[SourceVersion "1"]
[SourceVersionDate "2017.10.06"]
[SourceQuality "1"]

1. d4 Nf6 2. c4 g6 3. Nc3 Bg7 4. e4 d6 5. Nf3 0-0 6. Be2 e5 7. 0-0 Nc6 8. d5 Ne7 9. b4 Ne8 10. c5 f5 11. Nd2 f4 12. Bg4 Nf6 13. Bxc8 Rxc8 14. Nf3 h6 15. Bb2 g5 16. h3 Rf7 17. Qe2 Bf8 18. Rac1 Rg7 19. Nh2 Ng6 20. Ba3 Nh4 21. Ng4 Nxg4 22. Qxg4 Qd7 23. Qxd7 Rxd7 24. c6 bxc6 25. dxc6 Rg7 26. f3 Be7 27. Nd5 Bd8 28. Rb1 h5 29. Kf2 g4 30. hxg4 hxg4 31. Rg1 g3+ 32. Ke2 a6 33. Bb2 Kf7 34. Bc3 Rb8 35. a4 Ke6 36. Kd3 Rh7 37. Kc4 Ng6 38. Rh1 Rh4 39. Bd2 Ra8 40. Rxh4 Nxh4 41. Rg1 Kf7 42. Nxf4 exf4 43. Bxf4 Bf6 44. Bxg3 Rg8 45. Bxh4 Bxh4 46. Rh1 Rxg2 47. Rxh4 Rc2+ 48. Kb3 Rxc6 49. Rh2 Kg6 50. Rc2 Rxc2 51. Kxc2 Kg5 52. Kd3 c6 53. Ke3 Kg6 54. f4 Kf6 55. Kd4 Ke6 56. e5 d5 57. b5 cxb5 58. axb5 axb5 59. Kc5 Kf5 60. Kxd5 Kxf4 61. e6 b4 62. Kc4 Kf5 63. e7 b3 64. Kxb3 Ke5 65. e8Q+ Kd5 66. Qg6 Kd4 67. Qf5 Ke3 1-0